Развитие эпитаксии в минералах, растениях и животном мире, как индикатора геопатогенности; Творчество юных - шаг в успешное будущее

Dades bibliogràfiques
Parent link:Творчество юных - шаг в успешное будущее.— 2015.— [С. 185-187]
Autor principal: Киреева А. Е.
Autor corporatiu: Национальный исследовательский Томский политехнический университет (ТПУ) Институт природных ресурсов (ИПР) Кафедра общей геологии и землеустройства (ОГЗ)
Altres autors: Сальников В. Н. Владимир Николаевич (научный руководитель)
Sumari:Заглавие с титульного экрана
Idioma:rus
Publicat: 2015
Col·lecció:Проблемы экологии и здоровья человека. Медицинская геология
Matèries:
Accés en línia:http://earchive.tpu.ru/handle/11683/15818
Format: MixedMaterials Electrònic Capítol de llibre
KOHA link:https://koha.lib.tpu.ru/cgi-bin/koha/opac-detail.pl?biblionumber=617305

MARC

LEADER 00000naa2a2200000 4500
001 617305
005 20231101132943.0
035 |a (RuTPU)RU\TPU\conf\15618 
035 |a RU\TPU\conf\15617 
090 |a 617305 
100 |a 20160229d2015 k y0rusy50 ca 
101 0 |a rus 
102 |a RU 
105 |a y z 101zy 
135 |a drcn ---uucaa 
181 0 |a i  
182 0 |a b 
200 1 |a Развитие эпитаксии в минералах, растениях и животном мире, как индикатора геопатогенности  |f А. Е. Киреева  |g науч. рук. В. Н. Сальников 
203 |a Текст  |c электронный 
225 1 |a Проблемы экологии и здоровья человека. Медицинская геология 
230 |a 1 компьютерный файл (pdf; 474 Кб) 
300 |a Заглавие с титульного экрана 
320 |a [Библиогр.: с. 186-187 (4 назв.)] 
463 0 |0 (RuTPU)RU\TPU\conf\15338  |t Творчество юных - шаг в успешное будущее  |o материалы VIII Всероссийской научной студенческой конференции с элементами научной школы имени профессора М. К. Коровина, г. Томск, 23-27 ноября 2015 г.  |f Национальный исследовательский Томский политехнический университет (ТПУ) ; под ред. А. Ю. Дмитриева  |v [С. 185-187]  |d 2015 
610 1 |a труды учёных ТПУ 
610 1 |a электронный ресурс 
610 1 |a эпитаксия 
610 1 |a геопатогенные зоны 
610 1 |a биоиндикация 
610 1 |a окружающая среда 
610 1 |a минералы 
700 1 |a Киреева  |b А. Е. 
702 1 |a Сальников  |b В. Н.  |c геолог  |c профессор Томского политехнического университета, доктор геолого-минералогических наук  |f 1940-  |g Владимир Николаевич  |2 stltpush  |4 727 
712 0 2 |a Национальный исследовательский Томский политехнический университет (ТПУ)  |b Институт природных ресурсов (ИПР)  |b Кафедра общей геологии и землеустройства (ОГЗ)  |h 5946  |2 stltpush  |3 (RuTPU)RU\TPU\col\18663 
801 2 |a RU  |b 63413507  |c 20180215  |g RCR 
856 4 |u http://earchive.tpu.ru/handle/11683/15818 
942 |c BK